Statistics for US States with the Highest Percentage of Tobacco Consumption

Click here to take the quiz!

General Stats

  • This quiz has been taken 51 times
  • The average score is 11 of 13

Answer Stats

% Population State % Correct
23.21Tennessee
100%
22.96Mississippi
96%
25.82Kentucky
94%
21.43Alabama
94%
26.09West Virginia
90%
21.71Indiana
88%
20.83Ohio
88%
20.38South Carolina
86%
25.02Arkansas
84%
23.05Louisiana
84%
21.20Oklahoma
76%
21.46Missouri
73%
20.53Michigan
71%

Score Distribution

Percentile by Number Answered

Percent of People with Each Score

Your Score History

You have not taken this quiz